Regional transport survey of Madras and Pondicherry. (Record no. 77825)

MARC details
000 -LEADER
fixed length control field 00772cam a22002531 4500
001 - CONTROL NUMBER
control field sa 68001243
003 - CONTROL NUMBER IDENTIFIER
control field DLC
005 - DATE AND TIME OF LATEST TRANSACTION
control field 20260227112431.0
008 - FIXED-LENGTH DATA ELEMENTS--GENERAL INFORMATION
fixed length control field 710903s1967 ii ab b 000 0 eng
010 ## - LIBRARY OF CONGRESS CONTROL NUMBER
LC control number sa 68001243 //r922
025 ## - OVERSEAS ACQUISITION NUMBER
Overseas acquisition number PL480:I-E-9371
040 ## - CATALOGING SOURCE
Original cataloging agency DLC
Transcribing agency DLC
Modifying agency DLC
043 ## - GEOGRAPHIC AREA CODE
Geographic area code a-ii---
050 00 - LIBRARY OF CONGRESS CALL NUMBER
Classification number HE271.Z7
Item number M35
082 00 - DEWEY DECIMAL CLASSIFICATION NUMBER
Classification number 380.5/0954/8
110 20 - MAIN ENTRY--CORPORATE NAME
Corporate name or jurisdiction name as entry element National Council of Applied Economic Research.
245 10 - TITLE STATEMENT
Title Regional transport survey of Madras and Pondicherry.
260 1# - PUBLICATION, DISTRIBUTION, ETC.
Place of publication, distribution, etc. New Delhi
Date of publication, distribution, etc. [1967]
300 ## - PHYSICAL DESCRIPTION
Extent ix, 280 p.
Other physical details illus., maps (part col.)
Dimensions 24 cm.
350 ## - PRICE (NR) (BK AM CF MU VM SE) [OBSOLETE]
Price Rs30
-- $5
504 ## - BIBLIOGRAPHY, ETC. NOTE
Bibliography, etc. note Bibliographical footnotes.
650 #0 - SUBJECT ADDED ENTRY--TOPICAL TERM
Topical term or geographic name entry element Transportation
Geographic subdivision India
-- Tamil Nadu.
650 #0 - SUBJECT ADDED ENTRY--TOPICAL TERM
Topical term or geographic name entry element Transportation
Geographic subdivision India
-- Pondicherry (Union Territory)

No items available.

Powered by Koha